Breve historia de la música (Registro nro. 7852)

Detalles MARC
000 -CABECERA
Longitud fija campo de control 01859nam a2200349 i 4500
005 - • FECHA Y HORA DE LA ÚLTIMA TRANSACCIÓN
Fecha y hora de la última transacción 20220317001723.0
007 - • CAMPO FIJO DE DESCRIPCIÓN FÍSICA
Campo fijo de descripción física ta
008 - • CÓDIGOS DE INFORMACIÓN DE LONGITUD FIJA
Códigos de información de longitud fija 210812r20162017mx er 000 0dspa d
020 ## - • NÚMERO INTERNACIONAL NORMALIZADO PARA LIBROS
Número Internacional Normalizado para Libros (ISBN) 9786071635273
040 ## - FUENTE DE LA CATALOGACIÓN
Centro catalogador de origen CO-BoRNBP
Lengua de catalogación spa
Centro transcriptor CO-BoRNBP
Normas de descripción rda
041 1# - • CÓDIGO DE LENGUA
Código de lengua del texto/banda sonora o título independiente spa
Código de lengua original fre
082 04 - • NÚMERO DE LA CLASIFICACIÓN DECIMAL DEWEY
Número de clasificación (R) 780.9
Número del ítem D82b
Número de edición 22
100 1# - • PUNTO DE ACCESO PRINCIPAL-NOMBRE DE PERSONA
Nombre de persona Dufourcq, Norbert
Fechas asociadas al nombre 1904-1990
Término indicativo de función autor
245 10 - • TITULO PROPIAMENTE DICHO
Título Breve historia de la música
Mención de responsabilidad, etc. Norbert Dufourcq ; traducción de Emma Susana Speratti
250 ## - • MENCIÓN DE EDICIÓN
Mención de edición Segunda edición
Resto de la mención de edición Primera reimpresión
264 #1 - PRODUCCIÓN, PUBLICACIÓN , DISTRIBUCIÓN, FABRICACIÓN Y COPYRIGHT
Lugar de producción, publicación, distribución, fabricación México
Nombre del productor, editor, distribuidor, fabricante Fondo de Cultura Económica
Fecha de de producción, publicación, distribución, fabricación o copyright 2016
-- 2017
300 ## - • DESCRIPCIÓN FÍSICA
Extensión 260 páginas
Dimensiones 18 cm
336 ## - TIPO DE CONTENIDO
Término de tipo de contenido texto
Código de tipo de contenido txt
Fuente rdacontent
337 ## - TIPO DE MEDIO
Nombre del tipo de medio sin mediación
Código del tipo de medio n
Fuente rdamedia
338 ## - TIPO DE SOPORTE
Nombre del tipo de soporte volumen
Código del tipo de soporte nc
Fuente rdacarrier
490 ## - • MENCIÓN DE SERIE
Mención de serie Popular
Designación de volumen o secuencia 43
500 ## - • NOTA GENERAL
Nota general Incluye índice de nombres, discoteca, bibliografía al final del texto
505 ## - • NOTA DE CONTENIDO CON FORMATO
Nota de contenido con formato La música monódica en occidente desde el siglo I hasta fines del siglo XV -- La música polifónica en occidente desde el renacimiento feudal del siglo X hasta fines del siglo XV -- La edad de oro de la polifonía -- La supremacía italiana durante el siglo XVII y el primer tercio del XVIII: el mundo preclásico -- Polifonía y monodia: el equilibrio en el siglo XVIII, de Johann Sebastian Bach a Mozart -- La supremacía alemana de Beethoven a Wagner -- La supremacía francesa: de Gounod, Franck y Sain-Salligns a Fauré, Debussy y Ravel -- Tradición y revolución: las escuelas no francesas a la conquista de la supremacía
521 ## - • NOTA DE PÚBLICO DESTINATARIO
Nota público destinatario (R ) Recomendado para un público adulto
545 ## - DATOS BIOGRÁFICOS O HISTÓRICOS
Datos bigr´ficos o históricos Incluye datos biográficos del autor en la contracarátula
650 17 - • PUNTO DE ACCESO ADICIONAL DE MATERIA - TÉRMINO DE MATERIA
Término de materia o nombre geográfico como elemento inicial Compositores
Fuente del encabezamiento o término ARMARC
650 17 - • PUNTO DE ACCESO ADICIONAL DE MATERIA - TÉRMINO DE MATERIA
Término de materia o nombre geográfico como elemento inicial Formas musicales
Fuente del encabezamiento o término ARMARC
650 17 - • PUNTO DE ACCESO ADICIONAL DE MATERIA - TÉRMINO DE MATERIA
Término de materia o nombre geográfico como elemento inicial Música
Subdivisión de materia general Historia
Fuente del encabezamiento o término ARMARC
650 17 - • PUNTO DE ACCESO ADICIONAL DE MATERIA - TÉRMINO DE MATERIA
Término de materia o nombre geográfico como elemento inicial Musicología
Subdivisión de materia general Historia
Fuente del encabezamiento o término ARMARC
700 1# - • PUNTO DE ACCESO ADICIONAL - NOMBRE DE PERSONA
Nombre de persona Speratti, Emma Susana
Término indicativo de función traductora
942 ## - ENTRADA DE ELEMENTOS AGREGADOS (KOHA)
Fuente de clasificaión o esquema Dewey Decimal Classification
Koha [por defecto] tipo de item LIbro
Existencias
Perdido Fuente de clasificación o esquema Estado Físico No para préstamo Forma de adquisición Localización permanente Localización actual Localización en estanterías Fecha adquisición Préstamos totales Signatura completa Código de barras Fecha última consulta Número de copia Fecha del precio de reemplazo Tipo de item de Koha
  Dewey Decimal Classification     Colección General Biblioteca Pública Mapiripan - Jorge Eliecer Gaitán Biblioteca Pública Mapiripan - Jorge Eliecer Gaitán General 11/13/2025   780.9 D82b MPJG01067 11/13/2025 Ej.1 11/13/2025 LIbro
  Dewey Decimal Classification     Colección General Biblioteca Pública Medellin del Ariari - El Castillo Biblioteca Pública Medellin del Ariari - El Castillo General 11/10/2024   780.9 D82b BM0001608 11/10/2024 Ej.1 11/10/2024 LIbro









Instituto Departamental de Cultura del Meta - Red Departamental de Bibliotecas Públicas del Meta.